[Event "Wch FIDE Online U18 Asia qual"]
[Site "Tornelo INT"]
[Date "2020.12.13"]
[Round "7"]
[White "Tuazon, Marion Mikaelo O"]
[Black "Reehan Saeed, Ismail"]
[Result "1-0"]
[WhiteElo "1649"]
[BlackElo "1521"]
[PlyCount "83"]
[EventDate "2020.12.11"]
[EventType "swiss (rapid)"]
[EventRounds "7"]
[EventCountry "ISS"]
[SourceTitle "EXT 2022"]
[Source "ChessBase"]
[SourceDate "2021.10.06"]
[SourceVersion "1"]
[SourceVersionDate "2021.10.06"]
[SourceQuality "1"]

1. e4 c6 2. Nc3 d5 3. Nf3 Bg4 4. h3 Bxf3 5. Qxf3 e6 6. exd5 cxd5 7. d4 Nf6 8. Bd3 Be7 9. Be3 Nc6 10. a3 Rc8 11. 0-0 0-0 12. Rae1 e5 13. dxe5 Nxe5 14. Qf5 Nxd3 15. Qxd3 h6 16. Bxa7 Bc5 17. Bxc5 Rxc5 18. Rd1 Qc8 19. Rd2 Rd8 20. Re1 Qc6 21. Re5 b6 22. Ne4 Nxe4 23. Rxe4 Rc8 24. Ree2 Qf6 25. Qb3 Qf5 26. Qxb6 Rxc2 27. Rxc2 Rxc2 28. Rxc2 Qxc2 29. b4 Qc1+ 30. Kh2 Qxa3 31. b5 Qb2 32. Qd8+ Kh7 33. Qxd5 Qxf2 34. Qe4+ f5 35. Qb4 h5 36. b6 f4 37. b7 f3 38. Qe4+ g6 39. Qxf3 Qb6 40. Qf7+ Kh6 41. Qf8+ Kg5 42. b8Q 1-0

[Event "Wch FIDE Online U18 Asia qual"]
[Site "Tornelo INT"]
[Date "2020.12.12"]
[Round "3"]
[White "Yazan, Abo Khalaf"]
[Black "Reehan Saeed, Ismail"]
[Result "0-1"]
[WhiteElo "1688"]
[BlackElo "1521"]
[PlyCount "124"]
[EventDate "2020.12.11"]
[EventType "swiss (rapid)"]
[EventRounds "7"]
[EventCountry "ISS"]
[SourceTitle "EXT 2022"]
[Source "ChessBase"]
[SourceDate "2021.10.06"]
[SourceVersion "1"]
[SourceVersionDate "2021.10.06"]
[SourceQuality "1"]

1. d4 d5 2. e3 Nf6 3. c3 c5 4. f4 Bg4 5. Nf3 e6 6. Be2 Nc6 7. 0-0 Bd6 8. Ne5 Bxe2 9. Qxe2 0-0 10. Nd2 cxd4 11. exd4 Nd7 12. Ndf3 Qe7 13. Bd2 f6 14. Nxd7 Qxd7 15. Rae1 Rae8 16. Qd3 Qc7 17. g3 Qb6 18. b4 e5 19. fxe5 fxe5 20. Ng5 e4 21. Qe2 h6 22. Nh3 Ne5 23. Kh1 Nd3 24. Rd1 Qa6 25. Bf4 g5 26. Bxd6 Qxd6 27. Nf2 Nxf2+ 28. Rxf2 Rxf2 29. Qxf2 Rf8 30. Qe2 Qf6 31. Kg2 a6 32. c4 Qf3+ 33. Qxf3 exf3+ 34. Kf2 dxc4 35. d5 g4 36. Rd4 h5 37. Rxc4 Rd8 38. Rd4 Kf7 39. h3 Rg8 40. hxg4 Rxg4 41. Rf4+ Rxf4 42. gxf4 Ke7 43. Kxf3 Kd6 44. Ke4 h4 45. f5 h3 46. Kf3 Ke5 47. d6 Kxd6 48. Kg3 Ke5 49. Kxh3 Kxf5 50. Kg3 Ke4 51. Kf2 Kd4 52. b5 axb5 53. Ke2 Kc3 54. Ke3 b4 55. Ke4 b5 56. Kd5 b3 57. axb3 b4 58. Kc5 Kxb3 59. Kd4 Kc2 60. Kc4 b3 61. Kb4 b2 62. Ka4 b1Q 0-1

[Event "Wch FIDE Online U18 Asia qual"]
[Site "Tornelo INT"]
[Date "2020.12.11"]
[Round "1"]
[White "Sezdbekov, Ruslan"]
[Black "Reehan Saeed, Ismail"]
[Result "1-0"]
[WhiteElo "2232"]
[BlackElo "1521"]
[PlyCount "85"]
[EventDate "2020.12.11"]
[EventType "swiss (rapid)"]
[EventRounds "7"]
[EventCountry "ISS"]
[SourceTitle "EXT 2022"]
[Source "ChessBase"]
[SourceDate "2021.10.06"]
[SourceVersion "1"]
[SourceVersionDate "2021.10.06"]
[SourceQuality "1"]

1. e4 c6 2. Nf3 d5 3. e5 Bf5 4. Nh4 Bg6 5. Nxg6 hxg6 6. e6 fxe6 7. Qg4 Kf7 8. d4 Nf6 9. Qg3 Nbd7 10. Bd3 Qb8 11. Bf4 Qd8 12. Bxg6+ Kg8 13. Qe3 e5 14. dxe5 Ng4 15. Qe2 Nh6 16. Nd2 e6 17. Nf3 Be7 18. Nd4 Nf8 19. Bd3 c5 20. Nf3 c4 21. Bxc4 dxc4 22. Qxc4 Rc8 23. Qb3 Qa5+ 24. c3 Qb6 25. Qxb6 axb6 26. 0-0-0 Nf7 27. Rd4 Bc5 28. Rd2 Ng6 29. Bg3 Kh7 30. Rd7 Be7 31. h4 Rhd8 32. Rhd1 Kh6 33. Rxb7 Rb8 34. Rdd7 Rxd7 35. Rxd7 Kh5 36. a4 Nd8 37. Kc2 Nf8 38. Rxe7 Ng6 39. Rxg7 Ra8 40. Rh7+ Kg4 41. h5 Nf8 42. Rg7+ Kf5 43. Kd3 1-0